Financial accounting & reporting: (Record no. 358158)
[ view plain ]
| 000 -LEADER | |
|---|---|
| fixed length control field | 00451nam a2200145Ia 4500 |
| 008 - FIXED-LENGTH DATA ELEMENTS--GENERAL INFORMATION | |
| fixed length control field | 180705s9999 xx 000 0 und d |
| 020 ## - INTERNATIONAL STANDARD BOOK NUMBER | |
| International Standard Book Number | 9786218029071 |
| 100 ## - MAIN ENTRY--PERSONAL NAME | |
| Personal name | Millan, Zues Vernon B. |
| 245 ## - TITLE STATEMENT | |
| Statement of responsibility, etc | Zues Vernon B. Millan. |
| Title | Financial accounting & reporting: |
| Remainder of title | part 1a / |
| 250 ## - EDITION STATEMENT | |
| Edition statement | 2017 ed |
| 260 ## - PUBLICATION, DISTRIBUTION, ETC. (IMPRINT) | |
| Place of publication, distribution, etc | Baguio City: |
| Name of publisher, distributor, etc | Bandolin enterprise |
| Date of publication, distribution, etc | 2017 |
| 300 ## - PHYSICAL DESCRIPTION | |
| Extent | xvi, 776 pages |
| 650 ## - SUBJECT ADDED ENTRY--TOPICAL TERM | |
| Topical term or geographic name as entry element | Accounting. |
| 650 ## - SUBJECT ADDED ENTRY--TOPICAL TERM | |
| Topical term or geographic name as entry element | Financial reports--Philippines. |
| Withdrawn status | Lost status | Damaged status | Home library | Current library | Shelving location | Date acquired | Source of acquisition | Total Checkouts | Total Renewals | Full call number | Barcode | Date last seen | Date checked out | Price effective from | Koha item type |
|---|---|---|---|---|---|---|---|---|---|---|---|---|---|---|---|
| College Library | College Library | Filipiniana Section | 07/05/2018 | 2 | 34 | HF 5655 .M645 2017 | C21561 | 07/30/2019 | 07/23/2019 | 07/05/2018 | Books |